000
00334nam a22001577a 4500
003
SGT
020
_a
9789332550308
082
_a
155.9,MAC
100
_a
MACIONNIS, JOHAN J.
245
_a
CITIES AND URBAN LIFE
250
_a
5TH
260
_a
NOIDA
_b
PEARSON
_c
2015
300
_a
456
650
_a
PYCHOLOGY
942
_2
ddc
_c
BK
999
_c
19432
_d
19432